| 000 | 01246nam0a22003251 4500 | ||
|---|---|---|---|
| 001 | rc\2128393 | ||
| 005 | 20260405110844.0 | ||
| 035 | _a(NLR Aleph) 006699257 | ||
| 090 |
_a5226887 _c5226887 |
||
| 100 | _a20110829d1978 |||y0rusy50 ca | ||
| 101 | 0 | _arus | |
| 102 | _aRU | ||
| 105 | _aa z |||a| | ||
| 200 | 1 |
_aОтец _eДокум. повесть об И.Н. Ульянове |
|
| 205 | _a2-е изд., доп. | ||
| 210 |
_aМосква _cПолитиздат _d1978 |
||
| 215 |
_a263 с., 2 л. ил. _d17 |
||
| 225 | 1 | _aСерия "Семья Ульяновых" | |
| 300 | _aНа обл. авт. не указан | ||
| 606 |
_aШкола в России _xИстория _z19 в. _2psbo |
||
| 606 |
_aПедагогика в России _xИстория _z19 в. _2psbo |
||
| 700 | 1 |
_8rus _7ca _aГригорьев _bН. Ф. _cписатель _f1896-1986 _gНиколай Федорович _3RU\NLR\AUTH\7741970 _924918 |
|
| 702 | 1 |
_4570 _7ca _8rus _aУльянов _bИ. Н. _f1831-1886 _gИлья Николаевич _92648025 _3RU\NLR\AUTH\770276058 |
|
| 801 | 0 |
_aRU _bNLR _gpsbo |
|
| 801 | 1 |
_aRU _bELAR _2rusmarc |
|
| 852 |
_aNLR _j78-2/1840 |
||
| 899 |
_aRuMoRGB _jБ 78-42/977 |
||
| 899 |
_aRuMoRGB _jБ 78-42/978 |
||
| 942 | _cBOOK | ||
| 980 | _aNB | ||